Landscape ecology and agroecosystems
Αποθηκεύτηκε σε:
| Άλλοι συγγραφείς: | , , |
|---|---|
| Μορφή: | Βιβλίο |
| Γλώσσα: | English |
| Δημοσίευση: |
Boca Raton :
Lewis Publishers,
c1993
|
| Θέματα: | |
| Ετικέτες: |
Προσθήκη ετικέτας
Δεν υπάρχουν, Καταχωρήστε ετικέτα πρώτοι!
|
MARC
| LEADER | 00000nam a2200000 i 4500 | ||
|---|---|---|---|
| 001 | 1/94194 | ||
| 008 | 980827s1993 eng d | ||
| 020 | |a 0-87371-918-2 | ||
| 035 | |l 10009130 | ||
| 040 | |a GR-MY-UA |b gre |e aacr | ||
| 041 | 0 | |a eng | |
| 082 | 0 | |a 574.5264 | |
| 245 | 1 | 0 | |a Landscape ecology and agroecosystems / |c R. G. H. Bunce; L. Ryszkowski; M. G. Paoletti |
| 260 | |a Boca Raton : |b Lewis Publishers, |c c1993 | ||
| 300 | |a 241 p. |b tables; fig. | ||
| 504 | |a Inludes bibliographical references and index | ||
| 650 | 0 | 0 | |a Landscape ecology |x Congresses. |
| 650 | 0 | 0 | |a Agricultural ecology |x Congresses. |
| 650 | 0 | 0 | |a Landscape changes |x Congresses. |
| 700 | 1 | |a Bunce, R. G. H. |q (Robert Gerald Henry) |4 edt | |
| 700 | 1 | |a Ryszkowski, Lech. |4 edt | |
| 700 | 1 | |a Paoletti, Maurizio. |4 edt | |
| 852 | |a INST |b LESVOS |e 19980917 |h 574.5264 BUN |p 005100010696 |q 005100010696 |t BK |y 0 | ||
| 852 | |a INST |b LESVOS |e 19980827 |h 574.5264 BUN |p 005100013227 |q 005100013227 |t BK |y 0 | ||
| 909 | |a Λ |b 036440 | ||
| 909 | |a Λ |b 059078 | ||
| 922 | |a 1ΕΛΗ |b 199808 |c ΚΠΣ/ΤΠ |d ΠΑΠΑΣΩΤΗΡΙΟΥ | ||
| 922 | |a 1ΕΛΗ |c 18/ΜΑΡΓΑΡΗΣ | ||
| 950 | |a 018-1994-05-09 | ||
| 950 | |a 107-1998-05-26 | ||